[Event "3rd 4NCL Easter Congress"]
[Site "Mercure Daventry Court Hotel"]
[Date "2023.04.09"]
[Round "5"]
[Board "15"]
[White "Chan, Michelle Ngo Yu"]
[Black "Gunarathne, Senith"]
[Result "1-0"]
[WhiteElo "1586"]
[BlackElo "1491"]
[PlyCount "121"]
[EventDate "2023.04.07"]
[EventRounds "7"]
[EventCountry "ENG"]

1. e4 c5 2. Nf3 d6 3. d4 cxd4 4. Nxd4 Nf6 5. Nc3 a6 6. Be2 e5 7. Nb3 Be6 8. Be3 Be7
9. f3 Nc6 10. Nd5 Bxd5 11. exd5 Na5 12. Qd2 Nxb3 13. axb3 Qd7 14. O-O O-O 15. c4
Ne8 16. f4 exf4 17. Bxf4 f5 18. Rae1 Nc7 19. Bd3 Rae8 20. Qb4 b5 21. Qd2 Bf6 22.
Bg5 Be5 23. Qc2 Na8 24. Bxf5 Rxf5 25. Qxf5 Qxf5 26. Rxf5 Bd4+ 27. Kf1 Rxe1+ 28. Kxe1
g6 29. Rf3 Bxb2 30. Bh6 Bg7 31. Bxg7 Kxg7 32. cxb5 axb5 33. Rc3 Kf6 34. Rc8 Nb6 35.
Rc6 Nxd5 36. Rxd6+ Ke5 37. Rd7 Nf6 38. Rb7 Kd4 39. Rxb5 Nd5 40. Rxd5+ Kxd5 41. Ke2
h6 42. Kd3 Kc5 43. Ke4 Kb4 44. Ke5 Kxb3 45. Kf6 g5 46. Kg6 g4 47. Kxh6 g3 48. hxg3
Kb4 49. g4 Kb5 50. g5 Kb6 51. g6 Ka7 52. g7 Ka6 53. g8=Q Ka7 54. Qb3 Ka8 55. g4 Ka7
56. g5 Ka8 57. g6 Ka7 58. g7 Ka6 59. g8=Q Ka7 60. Qgb8+ Ka6 61. Q8b6#  1-0

[Event "3rd 4NCL Easter Congress"]
[Site "Mercure Daventry Court Hotel"]
[Date "2023.04.09"]
[Round "5"]
[Board "16"]
[White "Anderson, Thomas R"]
[Black "Han, Qixuan"]
[Result "0-1"]
[WhiteElo "1865"]
[BlackElo "1330"]
[PlyCount "66"]
[EventDate "2023.04.07"]
[EventRounds "7"]
[EventCountry "ENG"]

1. d4 d5 2. Nf3 Nf6 3. c4 c6 4. e3 e6 5. Nbd2 Nbd7 6. Bd3 Be7 7. O-O O-O 8. e4 dxe4
9. Nxe4 Nxe4 10. Bxe4 Nf6 11. Bc2 c5 12. Qd3 h6 13. Be3 b6 14. Ne5 Bb7 15. Ng4 Ne4
16. f3 cxd4 17. Bxh6 f5 18. Ne5 Nc5 19. Qd2 gxh6 20. Qxh6 Bf6 21. f4 Bg7 22. Qh3
Bxe5 23. fxe5 Qg5 24. Rad1 Qe3+ 25. Qxe3 dxe3 26. Rde1 f4 27. g3 fxg3 28. hxg3 Rxf1+
29. Rxf1 Rf8 30. Rf4 Rxf4 31. gxf4 Be4 32. Bxe4 Nxe4 33. b4 e2  0-1

[Event "3rd 4NCL Easter Congress"]
[Site "Mercure Daventry Court Hotel"]
[Date "2023.04.09"]
[Round "5"]
[Board "17"]
[White "Bryant, Richard BE"]
[Black "Neatherway, A Philip"]
[Result "1/2-1/2"]
[WhiteElo "1850"]
[BlackElo "1797"]
[PlyCount "68"]
[EventDate "2023.04.07"]
[EventRounds "7"]
[EventCountry "ENG"]

1. d4 Nf6 2. c4 g6 3. Nc3 d5 4. Bg5 Ne4 5. Nxe4 dxe4 6. Qd2 Bg7 7. Be3 Nc6 8. d5
Ne5 9. Rc1 O-O 10. g3 e6 11. Bg2 exd5 12. cxd5 Bf5 13. h3 h5 14. f4 exf3 15. Nxf3
Nxf3+ 16. Bxf3 Re8 17. g4 Be4 18. Bg5 Bf6 19. Bxf6 Qxf6 20. O-O Qh4 21. Qf4 Bxf3
22. Rxf3 Re7 23. Rxc7 Qe1+ 24. Rf1 Qxe2 25. d6 Rxc7 26. dxc7 Qe6 27. gxh5 Rc8 28.
hxg6 fxg6 29. Rd1 Qb6+ 30. Kh1 Qxc7 31. Qg5 Qc6+ 32. Kh2 Qc7+ 33. Kg2 Qc6+ 34. Kh2
Qc7+  1/2-1/2

[Event "3rd 4NCL Easter Congress"]
[Site "Mercure Daventry Court Hotel"]
[Date "2023.04.09"]
[Round "5"]
[Board "18"]
[White "Lewis, Evan"]
[Black "Holyhead, James"]
[Result "0-1"]
[WhiteElo "1622"]
[BlackElo "1410"]
[PlyCount "110"]
[EventDate "2023.04.07"]
[EventRounds "7"]
[EventCountry "ENG"]

1. d4 d5 2. c4 c6 3. Nc3 Nf6 4. cxd5 cxd5 5. f3 Nc6 6. e4 dxe4 7. d5 Ne5 8. fxe4
a6 9. Nf3 Nfg4 10. h3 Nxf3+ 11. Qxf3 Ne5 12. Qg3 Ng6 13. Bd3 e6 14. O-O Bd6 15. Qg4
exd5 16. Qf3 O-O 17. exd5 Ne5 18. Qd1 Nxd3 19. Qxd3 Bd7 20. Ne4 Bb5 21. Qd4 Bxf1
22. Kxf1 Re8 23. Bd2 Be5 24. Qb4 Qxd5 25. Re1 Qb5+ 26. Qxb5 axb5 27. b3 Red8 28.
Bg5 f6 29. Be3 Rxa2 30. Nc5 Ra1 31. Rxa1 Bxa1 32. Nxb7 Rd1+ 33. Ke2 Rb1 34. Nc5 Rb2+
35. Kf3 Kf7 36. g4 Rh2 37. Nb7 Rxh3+ 38. Ke4 Be5 39. Nd8+ Ke7 40. Nb7 g5 41. b4 Rg3
42. Bc5+ Kd7 43. Kd5 Rxg4 44. Bb6 h5 45. Nc5+ Ke8 46. Ne6 h4 47. Ng7+ Kf7 48. Nf5
Rg2 49. Ke4 h3 50. Kf3 g4+ 51. Ke4 h2 52. Ng3 Rxg3 53. Kf5 h1=Q 54. Be3 Qf3+ 55.
Bf4 Qxf4#  0-1

[Event "3rd 4NCL Easter Congress"]
[Site "Mercure Daventry Court Hotel"]
[Date "2023.04.09"]
[Round "5"]
[Board "19"]
[White "Baxter, Martin"]
[Black "Morrish, John"]
[Result "1/2-1/2"]
[WhiteElo "1766"]
[BlackElo "1828"]
[PlyCount "38"]
[EventDate "2023.04.07"]
[EventRounds "7"]
[EventCountry "ENG"]

1. e4 c5 2. Nc3 Nc6 3. f4 e6 4. Bb5 g6 5. Bxc6 bxc6 6. Nf3 Ba6 7. d3 d5 8. O-O Rb8
9. Ne5 Qc7 10. f5 Qxe5 11. Bf4 Qd4+ 12. Kh1 Rxb2 13. Ne2 Qg7 14. f6 Nxf6 15. Be5
Be7 16. Bxb2 d4 17. c3 e5 18. c4 Nd7 19. Qa4 Bc8  1/2-1/2

[Event "3rd 4NCL Easter Congress"]
[Site "Mercure Daventry Court Hotel"]
[Date "2023.04.10"]
[Round "6"]
[Board "1"]
[White "Raju, Sooraj Menothuparambil"]
[Black "Stephenson, David W"]
[Result "1-0"]
[WhiteElo "1758"]
[BlackElo "1799"]
[PlyCount "103"]
[EventDate "2023.04.07"]
[EventRounds "7"]
[EventCountry "ENG"]

1. e4 e5 2. Nf3 Nc6 3. Bc4 Nf6 4. d4 exd4 5. e5 d5 6. Bb5 Ne4 7. Nxd4 Bd7 8. Bxc6
bxc6 9. O-O Bc5 10. f3 Ng5 11. f4 Ne4 12. Be3 O-O 13. Nd2 Nxd2 14. Qxd2 Rb8 15. Nb3
Bb6 16. Bc5 f6 17. Kh1 Re8 18. Qc3 fxe5 19. fxe5 Qg5 20. Rf3 Rxe5 21. Raf1 Bxc5 22.
Qxc5 h6 23. Qxa7 Rbe8 24. Rg3 Re1 25. Rg1 Rxg1+ 26. Qxg1 Qe5 27. Rc3 Qe2 28. h3 Rf8
29. Nd4 Qh5 30. b4 Qe5 31. Rd3 Rf4 32. a4 Qf6 33. Rd1 Qh4 34. Qe3 Re4 35. Qc3 Qf6
36. a5 Qf4 37. Qd2 Re3 38. a6 Qe4 39. a7 Rxh3+ 40. Kg1 Ra3 41. Re1 Qh4 42. Nf3 Qd8
43. Qd4 Ra6 44. Ra1 Rxa1+ 45. Qxa1 Qa8 46. Ne5 Be8 47. Nd3 Kf7 48. Nc5 Ke7 49. Qxg7+
Bf7 50. Qe5+ Kd8 51. Qf6+ Ke8 52. Qh8+  1-0

[Event "3rd 4NCL Easter Congress"]
[Site "Mercure Daventry Court Hotel"]
[Date "2023.04.10"]
[Round "6"]
[Board "2"]
[White "Borissow, Magnus"]
[Black "Jackson, Gary C"]
[Result "1-0"]
[WhiteElo "1582"]
[BlackElo "1773"]
[PlyCount "75"]
[EventDate "2023.04.07"]
[EventRounds "7"]
[EventCountry "ENG"]

1. e4 c5 2. Nc3 d6 3. f4 Nc6 4. Nf3 g6 5. Bb5 Bd7 6. O-O Bg7 7. Bxc6 Bxc6 8. d3 Nf6
9. Qe1 b5 10. e5 Nd5 11. Ne4 O-O 12. Qh4 Nb4 13. f5 Bxe4 14. dxe4 Nxc2 15. Bh6 f6
16. Rad1 Nd4 17. Kh1 dxe5 18. Be3 a5 19. Qg4 Qe8 20. Nh4 g5 21. Bxd4 cxd4 22. Nf3
Rc8 23. Rc1 Qf7 24. b3 Rc3 25. Rxc3 dxc3 26. Ne1 Rd8 27. Qe2 Qe8 28. a4 bxa4 29.
Qc4+ Qf7 30. Qxa4 Rd4 31. Qxa5 Qxb3 32. Rf3 Rd1 33. Re3 Qc4 34. h3 Qf1+ 35. Kh2 Qf4+
36. Rg3 Qf2 37. Qxc3 Bf8 38. Qb3+  1-0

[Event "3rd 4NCL Easter Congress"]
[Site "Mercure Daventry Court Hotel"]
[Date "2023.04.10"]
[Round "6"]
[Board "3"]
[White "Tart, Peter K"]
[Black "Karangad, Mohit Kamal"]
[Result "1-0"]
[WhiteElo "1856"]
[BlackElo "1645"]
[PlyCount "83"]
[EventDate "2023.04.07"]
[EventRounds "7"]
[EventCountry "ENG"]

1. e4 c5 2. Nc3 d6 3. f4 g6 4. Nf3 Bg7 5. Bb5+ Bd7 6. Bc4 Nc6 7. O-O e6 8. d3 Nge7
9. Qe1 h6 10. Qg3 Nd4 11. Nxd4 Bxd4+ 12. Kh1 a6 13. Ne2 Qc7 14. Nxd4 cxd4 15. Bd2
f5 16. c3 fxe4 17. cxd4 d5 18. Bb3 exd3 19. Bb4 a5 20. Bxe7 Kxe7 21. Qxg6 Rag8 22.
Qxd3 a4 23. Bxa4 Bxa4 24. Qa3+ Kf6 25. Qxa4 Rg4 26. Rac1 Qg7 27. Rf2 Rg8 28. Qc2
h5 29. Qe2 Kg6 30. Qxe6+ Kh7 31. Qxd5 Qg6 32. Qxb7+ Rg7 33. Qf3 Rf7 34. f5 Qg5 35.
Rd1 h4 36. f6 Rg3 37. Qf5+ Qxf5 38. Rxf5 Re3 39. Rf2 Kg6 40. Kg1 Rxf6 41. Rxf6+ Kxf6
42. Kf2  1-0

[Event "3rd 4NCL Easter Congress"]
[Site "Mercure Daventry Court Hotel"]
[Date "2023.04.10"]
[Round "6"]
[Board "4"]
[White "Royle, Alex"]
[Black "Ganguly, Anshuman"]
[Result "1-0"]
[WhiteElo "1573"]
[BlackElo "1472"]
[PlyCount "65"]
[EventDate "2023.04.07"]
[EventRounds "7"]
[EventCountry "ENG"]

1. e4 c5 2. Nc3 Nc6 3. Nge2 g6 4. d4 cxd4 5. Nxd4 Bg7 6. Nxc6 bxc6 7. Bc4 d6 8. O-O
Nf6 9. e5 Ng4 10. exd6 Qxd6 11. Qxd6 exd6 12. Re1+ Kf8 13. Bf4 Be5 14. Bxe5 Nxe5
15. Bb3 Bf5 16. Rad1 Re8 17. f4 Bg4 18. Rxd6 Nf3+ 19. gxf3 Rxe1+ 20. Kf2 Rh1 21.
fxg4 Rxh2+ 22. Kg3 Rh1 23. Rxc6 Rg1+ 24. Kf3 Rf1+ 25. Kg3 Rg1+ 26. Kh2 Rxg4 27. Rf6
Kg7 28. Rxf7+ Kh6 29. Kh3 Rg1 30. Ne4 Re1 31. Ng5 Kh5 32. Bd5 Re3+ 33. Bf3+  1-0

[Event "3rd 4NCL Easter Congress"]
[Site "Mercure Daventry Court Hotel"]
[Date "2023.04.10"]
[Round "6"]
[Board "5"]
[White "Han, Qixuan"]
[Black "Ward, Andy"]
[Result "0-1"]
[WhiteElo "1330"]
[BlackElo "1838"]
[PlyCount "144"]
[EventDate "2023.04.07"]
[EventRounds "7"]
[EventCountry "ENG"]

1. b3 e5 2. Bb2 Nc6 3. c4 Nf6 4. e3 d5 5. cxd5 Nxd5 6. a3 Bd6 7. Nf3 O-O 8. h3 e4
9. Nd4 Nxd4 10. Bxd4 c5 11. Bb2 Qg5 12. Nc3 Nxc3 13. dxc3 Be5 14. Qc2 Qg6 15. O-O-O
Be6 16. c4 Qf6 17. Bxe5 Qxe5 18. g4 Qa1+ 19. Kd2 Rad8+ 20. Ke1 Rxd1+ 21. Qxd1 Qxa3
22. Bg2 Qa5+ 23. Kf1 Rd8 24. Qc2 Rd2 25. Qb1 Qd8 26. Ke1 Qd3 27. Qxd3 Rxd3 28. Bxe4
Rxb3 29. Bc2 Rc3 30. Be4 b6 31. Kd2 Rxc4 32. Bc6 Rb4 33. f4 Kf8 34. Kc3 Rb3+ 35.
Kd2 Bc4 36. e4 Ke7 37. Rc1 Bb5 38. Kc2 Rb4 39. Bd5 Bc4 40. Ra1 a5 41. Bc6 Kd6 42.
Bb7 Kc7 43. Ba8 a4 44. f5 b5 45. e5 Rb3 46. Re1 Kd7 47. Rd1+ Kc7 48. Re1 a3 49. e6
fxe6 50. fxe6 Rb2+ 51. Kc3 Re2 52. Ra1 Rxe6 53. h4 Re8 54. Bh1 Re3+ 55. Kd2 Re2+
56. Kc3 Rh2 57. g5 Rxh4 58. g6 b4+ 59. Kd2 hxg6 60. Bf3 Rd4+ 61. Ke3 a2 62. Be4 b3
63. Rg1 b2 64. Rxg6 Rxe4+ 65. Kd2 Rd4+ 66. Kc3 a1=Q 67. Rxg7+ Rd7 68. Rxd7+ Kxd7
69. Kxc4 b1=Q 70. Kxc5 Qc2+ 71. Kb4 Qab1+ 72. Ka3 Qcb3#  0-1

[Event "3rd 4NCL Easter Congress"]
[Site "Mercure Daventry Court Hotel"]
[Date "2023.04.10"]
[Round "6"]
[Board "6"]
[White "Brocklehurst, Andrew"]
[Black "Jenkins, Theo"]
[Result "1/2-1/2"]
[WhiteElo "1832"]
[BlackElo "1479"]
[PlyCount "138"]
[EventDate "2023.04.07"]
[EventRounds "7"]
[EventCountry "ENG"]

1. e4 c5 2. Nf3 e6 3. d4 cxd4 4. Nxd4 Nc6 5. Be3 a6 6. Be2 Qc7 7. O-O Nf6 8. Bf3
Ne5 9. a3 Bd6 10. g3 Nxf3+ 11. Qxf3 O-O 12. Nc3 Rb8 13. Rad1 b5 14. Bf4 Bxf4 15.
gxf4 Bb7 16. Rfe1 g6 17. Kf1 Ba8 18. Qe3 b4 19. axb4 Rxb4 20. e5 Nh5 21. b3 Rc8 22.
Ne4 Bxe4 23. Qxe4 Qd8 24. Qe3 Qh4 25. c3 Rbb8 26. Nf3 Qxf4 27. Rxd7 Qxe3 28. Rxe3
Rxb3 29. Ng5 Rbxc3 30. Rxc3 Rxc3 31. Nxf7 Nf4 32. Nh6+ Kh8 33. Nf7+ Kg8 34. Nh6+
Kh8 35. Nf7+ Kg7 36. Ke1 Rd3 37. Nd6+ Kg8 38. Ra7 Rd5 39. Rxa6 Rxe5+ 40. Kf1 Rd5
41. Ke1 Rh5 42. Kd2 Rxh2 43. Ke3 Nd5+ 44. Kf3 Rh3+ 45. Kg4 Rh5 46. f4 Ne3+ 47. Kf3
Nf5 48. Ra8+ Kg7 49. Ra7+ Kf8 50. Ne4 Rh3+ 51. Kg2 Re3 52. Ng5 h6 53. Nh7+ Ke8 54.
Nf6+ Kd8 55. Kf2 Rd3 56. Ke2 Rb3 57. Rd7+ Kc8 58. Rh7 g5 59. fxg5 hxg5 60. Rh8+ Kc7
61. Kf2 Nh4 62. Ne4 Rf3+ 63. Ke2 Rf5 64. Nxg5 Rxg5 65. Rxh4 Kd6 66. Ra4 Rd5 67. Ke3
Ke5 68. Re4+ Kd6 69. Ra4 Ke5  1/2-1/2

[Event "3rd 4NCL Easter Congress"]
[Site "Mercure Daventry Court Hotel"]
[Date "2023.04.10"]
[Round "6"]
[Board "7"]
[White "Siu, Kam Wa"]
[Black "Acharya, Kandara"]
[Result "1-0"]
[WhiteElo "1642"]
[BlackElo "1558"]
[PlyCount "69"]
[EventDate "2023.04.07"]
[EventRounds "7"]
[EventCountry "ENG"]

1. e4 c5 2. c3 g6 3. d4 cxd4 4. cxd4 d5 5. Nc3 dxe4 6. Nxe4 Bg7 7. Nf3 Nf6 8. Nxf6+
Bxf6 9. Bb5+ Nd7 10. O-O O-O 11. Bh6 Bg7 12. Bxg7 Kxg7 13. Re1 a6 14. Ba4 b5 15.
Bb3 Bb7 16. Rc1 Nb6 17. Ne5 e6 18. h3 Nd5 19. Nd3 Qe7 20. Nc5 Rfd8 21. Qf3 Ra7 22.
Re5 Qf6 23. Qe4 Ba8 24. Rxe6 fxe6 25. Nxe6+ Kh6 26. g4 Qxe6 27. Qxe6 Re7 28. Qxa6
Nf4 29. Qf6 Ne2+ 30. Kh2 Rde8 31. g5+ Kh5 32. Re1 Re4 33. Bd1 Kh4 34. Rxe2 Rxe2 35.
Qf4+  1-0

[Event "3rd 4NCL Easter Congress"]
[Site "Mercure Daventry Court Hotel"]
[Date "2023.04.10"]
[Round "6"]
[Board "8"]
[White "Wheeler, Tim"]
[Black "Willow, Hambel M"]
[Result "1-0"]
[WhiteElo "1597"]
[BlackElo "1625"]
[PlyCount "79"]
[EventDate "2023.04.07"]
[EventRounds "7"]
[EventCountry "ENG"]

1. e4 c6 2. d4 d5 3. e5 Bf5 4. Nf3 e6 5. Be2 Nd7 6. O-O c5 7. c3 Ne7 8. Nh4 Bg6 9.
Nd2 Nc6 10. Nxg6 hxg6 11. Nf3 Be7 12. g3 Qc7 13. a3 O-O-O 14. Re1 Rh7 15. Bd3 c4
16. Bc2 Rdh8 17. h4 Qd8 18. Kg2 Qe8 19. Qe2 Nf8 20. b3 cxb3 21. Bxb3 f6 22. c4 dxc4
23. exf6 gxf6 24. Bxc4 g5 25. Bxe6+ Kb8 26. Bf5 gxh4 27. Bf4+ Ka8 28. d5 hxg3 29.
Bxh7 gxf2 30. Qxf2 Rxh7 31. dxc6 Rg7+ 32. Bg3 Qxc6 33. Rac1 Qd7 34. Rh1 Bd6 35. Rcd1
Qc7 36. Rh3 f5 37. Qe1 Re7 38. Qd2 Bxg3 39. Qd8+ Qb8 40. Qxe7  1-0

[Event "3rd 4NCL Easter Congress"]
[Site "Mercure Daventry Court Hotel"]
[Date "2023.04.10"]
[Round "6"]
[Board "9"]
[White "Hall, James"]
[Black "Lawrence, Spencer"]
[Result "0-1"]
[WhiteElo "1719"]
[BlackElo "1536"]
[PlyCount "112"]
[EventDate "2023.04.07"]
[EventRounds "7"]
[EventCountry "ENG"]

1. e4 c5 2. d4 cxd4 3. c3 Nc6 4. Nf3 g6 5. Bc4 Bg7 6. O-O e6 7. Qe2 Nge7 8. Bg5 Qc7
9. Na3 a6 10. cxd4 b5 11. Bxb5 axb5 12. d5 Rxa3 13. bxa3 h6 14. Bh4 Bxa1 15. Rxa1
Ne5 16. Qb2 Nxf3+ 17. gxf3 Rh7 18. Rc1 Qf4 19. Bxe7 Kxe7 20. Qb4+ Kf6 21. Rxc8 Qxf3
22. Rc3 Qd1+ 23. Kg2 h5 24. Rf3+ Kg7 25. Qe7 Kh6 26. dxe6 dxe6 27. h3 Qc2 28. Qf8+
Rg7 29. Qh8+ Rh7 30. Qf8+ Rg7 31. Qb4 Qc4 32. Qxc4 bxc4 33. Rc3 f5 34. Rxc4 Ra7 35.
a4 Ra5 36. f4 g5 37. Kf3 g4+ 38. hxg4 hxg4+ 39. Kg3 Kg6 40. Rb4 Rc5 41. exf5+ exf5
42. Rb6+ Kh5 43. Rb3 Rc4 44. Rb5 Rc3+ 45. Kg2 Rc2+ 46. Kg3 Rc3+ 47. Kf2 g3+ 48. Kg2
Kg4 49. Rb3 Rc2+ 50. Kg1 Rxa2 51. Rb4 Kh3 52. Rb1 Rxa4 53. Rf1 Ra2 54. Rf3 Ra1+ 55.
Rf1 Rxf1+ 56. Kxf1 Kh2  0-1

[Event "3rd 4NCL Easter Congress"]
[Site "Mercure Daventry Court Hotel"]
[Date "2023.04.10"]
[Round "6"]
[Board "10"]
[White "Obi, Okwose Marc"]
[Black "Chan, Michelle Ngo Yu"]
[Result "1-0"]
[WhiteElo "1772"]
[BlackElo "1586"]
[PlyCount "137"]
[EventDate "2023.04.07"]
[EventRounds "7"]
[EventCountry "ENG"]

1. e4 e5 2. Nf3 Nc6 3. d4 exd4 4. Bc4 Nf6 5. e5 Ne4 6. Qe2 Nc5 7. c3 dxc3 8. Nxc3
Be7 9. O-O O-O 10. Be3 Ne6 11. Rad1 d6 12. Rd2 Bd7 13. Rfd1 Na5 14. Bd3 f6 15. exd6
Bxd6 16. Bc2 Qe8 17. Ne4 Bb5 18. Bd3 Bxd3 19. Qxd3 Bb4 20. Re2 Rd8 21. Qb1 f5 22.
Rxd8 Nxd8 23. Bc5 Bxc5 24. Nf6+ gxf6 25. Rxe8 Rxe8 26. b4 Bxb4 27. Qxb4 Nac6 28.
Qc4+ Kg7 29. g3 Re4 30. Qd5 Nf7 31. Qxf5 Nd6 32. Qd7+ Re7 33. Qg4+ Kh8 34. Nh4 Ne5
35. Qh5 Rg7 36. Qe2 c5 37. Qc2 c4 38. a4 a6 39. a5 Rc7 40. f4 Nc6 41. Nf5 Nxf5 42.
Qxf5 Kg7 43. Qc5 Rd7 44. Qxc4 Nxa5 45. Qc8 Re7 46. Qg4+ Kf8 47. Qf5 Nc6 48. Qxf6+
Rf7 49. Qh8+ Ke7 50. Qc3 Kd6 51. Qc4 Re7 52. g4 b5 53. Qd3+ Kc7 54. f5 Ne5 55. Qg3
Kc6 56. f6 Re6 57. Qc3+ Kd6 58. g5 Re8 59. Qd4+ Ke6 60. Qb6+ Kf5 61. Qe3 Rg8 62.
h4 h6 63. Qh3+ Kg6 64. Qe6 Nf3+ 65. Kf2 Rf8 66. Kxf3 hxg5 67. hxg5 Kxg5 68. f7 Ra8
69. Ke4  1-0

[Event "3rd 4NCL Easter Congress"]
[Site "Mercure Daventry Court Hotel"]
[Date "2023.04.10"]
[Round "6"]
[Board "11"]
[White "Han, Qixiang"]
[Black "Vaidyanathan, Adithya"]
[Result "0-1"]
[WhiteElo "1365"]
[BlackElo "1387"]
[PlyCount "152"]
[EventDate "2023.04.07"]
[EventRounds "7"]
[EventCountry "ENG"]

1. b3 c5 2. Bb2 Nc6 3. Nf3 d6 4. d3 e5 5. g3 Be7 6. Bg2 f5 7. Nbd2 Nf6 8. O-O h6
9. h4 Be6 10. Re1 Qd7 11. e4 fxe4 12. dxe4 O-O-O 13. a3 Rdg8 14. b4 cxb4 15. axb4
b6 16. b5 Nd8 17. c4 Kb8 18. Re3 Nb7 19. Qa4 Nc5 20. Qa2 g5 21. Ra3 a5 22. bxa6 Ka7
23. Qb1 Bh3 24. Qf1 Bxg2 25. Qxg2 gxh4 26. Nxh4 Qg4 27. Nf5 Bf8 28. Re3 h5 29. f3
Qg5 30. Kf2 h4 31. g4 h3 32. Qg3 Nh5 33. gxh5 Qxg3+ 34. Nxg3 Bh6 35. Rea3 Bxd2 36.
Rh1 Bb4 37. Re3 Ne6 38. Rxh3 Bc5 39. Nf5 Nf4 40. Rg3 Nd3+ 41. Ke2 Nxb2 42. Rc3 Rxg3
43. Nxg3 Bd4 44. Rc2 Rg8 45. Rxb2 Bxb2 46. Kf2 Bc1 47. Nf5 Kxa6 48. Nxd6 Rh8 49.
Kg3 Rxh5 50. Kg4 Rg5+ 51. Kh4 Bf4 52. Nf5 Ka5 53. Ne7 Rg3 54. Nc6+ Ka4 55. Ne7 Rxf3
56. Nd5 Ka5 57. Kg4 Rf1 58. Kf5 Rc1 59. Nxf4 exf4 60. Kxf4 Rxc4 61. Ke3 b5 62. e5
Kb6 63. e6 Kc6 64. Kd3 Kd6 65. e7 Kxe7 66. Ke3 Kd6 67. Kd3 Kd5 68. Ke3 b4 69. Kd3
b3 70. Ke3 b2 71. Kd2 b1=Q 72. Ke3 Qe4+ 73. Kf2 Qd3 74. Ke1 Kd4 75. Kf2 Rc2+ 76.
Ke1 Qe2#  0-1

[Event "3rd 4NCL Easter Congress"]
[Site "Mercure Daventry Court Hotel"]
[Date "2023.04.10"]
[Round "6"]
[Board "12"]
[White "Holyhead, James"]
[Black "Ganguly, Aryaman"]
[Result "1-0"]
[WhiteElo "1410"]
[BlackElo "1255"]
[PlyCount "98"]
[EventDate "2023.04.07"]
[EventRounds "7"]
[EventCountry "ENG"]

1. d4 Nf6 2. Nf3 e6 3. g3 b6 4. Bg2 Bb7 5. O-O Be7 6. c4 O-O 7. d5 exd5 8. Nh4 c5
9. Nc3 d6 10. cxd5 Na6 11. Nf5 Bc8 12. e4 Bxf5 13. exf5 Nc7 14. Re1 Re8 15. g4 Bf8
16. Rxe8 Nfxe8 17. g5 Qc8 18. Be4 g6 19. f6 Na6 20. h4 Qh3 21. h5 Nec7 22. hxg6 hxg6
23. a3 Re8 24. Bf4 Nb8 25. Bg2 Qh4 26. Qf3 Nd7 27. Qg3 Qxg3 28. Bxg3 Ne5 29. Bxe5
Rxe5 30. f4 Re8 31. Kf2 Rb8 32. Kf3 b5 33. b4 Na6 34. Rb1 c4 35. Bh3 Nc7 36. f5 Re8
37. fxg6 fxg6 38. Rd1 Re5 39. Kf4 Kf7 40. Bg4 Ke8 41. Bf3 Rf5+ 42. Kg4 Re5 43. Rd2
Re3 44. Re2 Rxe2 45. Bxe2 a6 46. Bf3 Kf7 47. Ne2 Ke8 48. Be4 Kf7 49. Nf4 Ke8  1-0

[Event "3rd 4NCL Easter Congress"]
[Site "Mercure Daventry Court Hotel"]
[Date "2023.04.10"]
[Round "6"]
[Board "13"]
[White "Johnson, Richard J"]
[Black "Pyun, Lindsay"]
[Result "1/2-1/2"]
[WhiteElo "1874"]
[BlackElo "1544"]
[PlyCount "45"]
[EventDate "2023.04.07"]
[EventRounds "7"]
[EventCountry "ENG"]

1. e4 e5 2. Nf3 Nc6 3. d4 exd4 4. Nxd4 Nf6 5. Nc3 Bb4 6. Nxc6 bxc6 7. Bd3 d5 8. exd5
cxd5 9. O-O O-O 10. Bg5 c6 11. Qf3 Be7 12. Rfe1 Rb8 13. Na4 h6 14. Bf4 Bd6 15. b3
Rb7 16. Ba6 Rb4 17. Bxd6 Qxd6 18. Bxc8 Rxc8 19. Qf5 Rd8 20. Rad1 Re4 21. Rxe4 Nxe4
22. f3 Nc5 23. Nxc5  1/2-1/2

[Event "3rd 4NCL Easter Congress"]
[Site "Mercure Daventry Court Hotel"]
[Date "2023.04.10"]
[Round "6"]
[Board "14"]
[White "Butterworth, Paul"]
[Black "Dos Santos Silva, Bruno Alexandre"]
[Result "1-0"]
[WhiteElo "1798"]
[BlackElo "1631"]
[PlyCount "120"]
[EventDate "2023.04.07"]
[EventRounds "7"]
[EventCountry "ENG"]

1. d4 f5 2. Bf4 Nf6 3. e3 d6 4. Nf3 g6 5. Nbd2 Bg7 6. Bc4 e6 7. h3 Qe7 8. c3 Nc6
9. O-O O-O 10. Bh2 Kh8 11. Qc2 Ne4 12. Nxe4 fxe4 13. Qxe4 d5 14. Bxd5 exd5 15. Qxd5
Be6 16. Qe4 Bc4 17. Qxe7 Nxe7 18. Rfe1 Rac8 19. Ne5 Be6 20. e4 c6 21. Nd3 Rce8 22.
a4 g5 23. b4 Ng6 24. Bd6 Rf6 25. e5 Rf7 26. a5 Bf8 27. Re3 Bxd6 28. exd6 Bd7 29.
Nc5 Rxe3 30. fxe3 Bc8 31. e4 Nf4 32. e5 Ne6 33. Ne4 h6 34. Nf6 Kg7 35. Rd1 Nf4 36.
c4 Be6 37. d5 cxd5 38. cxd5 Bd7 39. Ne4 Rf5 40. Nc5 Rf7 41. Rd2 b6 42. axb6 axb6
43. e6 bxc5 44. exf7 cxb4 45. g3 Ng6 46. Rb2 Kxf7 47. Kg2 Kf6 48. Rxb4 Ke5 49. Rb7
Nf8 50. Rb8 Ng6 51. Rg8 Kf6 52. Rd8 Ne5 53. h4 g4 54. Kf2 Kf5 55. Ke3 Bb5 56. Rf8+
Kg6 57. Kd4 Nd7 58. Rf2 Ba4 59. Ra2 Bb5 60. Ra5 Bd3  1-0

[Event "3rd 4NCL Easter Congress"]
[Site "Mercure Daventry Court Hotel"]
[Date "2023.04.10"]
[Round "6"]
[Board "15"]
[White "Neatherway, A Philip"]
[Black "Nilsson, Adam"]
[Result "0-1"]
[WhiteElo "1797"]
[BlackElo "1618"]
[PlyCount "57"]
[EventDate "2023.04.07"]
[EventRounds "7"]
[EventCountry "ENG"]

1. Nf3 e6 2. b3 Nf6 3. Bb2 b6 4. e3 Bb7 5. c4 Be7 6. Nc3 O-O 7. d4 d5 8. Bd3 dxc4
9. bxc4 c5 10. O-O Nc6 11. Rc1 Rc8 12. Ne2 Rc7 13. Ng3 cxd4 14. exd4 Qa8 15. Re1
Na5 16. d5 exd5 17. Nf5 Bb4 18. Nxg7 Ne4 19. Nf5 f6 20. cxd5 Rxc1 21. Qxc1 Nd6 22.
Re7 Nxf5 23. Bxf5 Rf7 24. Be6 Bxe7 25. Qh6 Qf8 26. Qh5 Bc8 27. Bxf7+ Qxf7 28. Qh4
Qg6 29. Bc1  0-1

[Event "3rd 4NCL Easter Congress"]
[Site "Mercure Daventry Court Hotel"]
[Date "2023.04.10"]
[Round "6"]
[Board "16"]
[White "Webster, Vivien"]
[Black "Anderson, Thomas R"]
[Result "1/2-1/2"]
[WhiteElo "1591"]
[BlackElo "1865"]
[PlyCount "53"]
[EventDate "2023.04.07"]
[EventRounds "7"]
[EventCountry "ENG"]

1. e4 d6 2. Nf3 Nf6 3. d3 e5 4. Be2 Be7 5. Nc3 c6 6. O-O O-O 7. h3 Nbd7 8. Nh2 d5
9. exd5 cxd5 10. a3 a6 11. Ng4 Nxg4 12. Bxg4 Nf6 13. Bf3 Be6 14. Re1 Qc7 15. Bg5
Rad8 16. Qe2 d4 17. Ne4 Nd5 18. Bxe7 Qxe7 19. Ng3 f6 20. Bxd5 Bxd5 21. f4 Qc7 22.
fxe5 fxe5 23. Rac1 Rde8 24. c3 Qd7 25. c4 Bc6 26. Rf1 b5 27. Ne4  1/2-1/2

[Event "3rd 4NCL Easter Congress"]
[Site "Mercure Daventry Court Hotel"]
[Date "2023.04.10"]
[Round "6"]
[Board "17"]
[White "Morrish, John"]
[Black "Bryant, Richard BE"]
[Result "1/2-1/2"]
[WhiteElo "1828"]
[BlackElo "1850"]
[PlyCount "60"]
[EventDate "2023.04.07"]
[EventRounds "7"]
[EventCountry "ENG"]

1. e4 e6 2. b3 Ne7 3. Bb2 d5 4. g3 c6 5. Bg2 d4 6. Nf3 c5 7. c4 Nbc6 8. a3 a5 9.
d3 Ng6 10. O-O e5 11. Bc1 Be7 12. a4 Nb4 13. Na3 Bd7 14. Nc2 Qc8 15. Nxb4 axb4 16.
Bg5 f6 17. Bd2 Bh3 18. Ne1 h5 19. f4 exf4 20. Bxf4 Nxf4 21. Rxf4 g5 22. Bxh3 Qxh3
23. Rf5 Qg4 24. Ng2 Qxd1+ 25. Rxd1 O-O-O 26. Rdf1 Rdf8 27. Ne1 h4 28. g4 Kd7 29.
h3 Ke8 30. Nf3 Rhg8  1/2-1/2